Normal view
MARC view
- GONZALEZ GUZMAN, IGNACIO,
Entry Nombre Personal
001 - NUMERO DE CONTROL
- campo de control: 12615
003 - IDENTIFICADOR DE NUMERO DE CONTROL
- campo de control: UPN
005 - FECHA Y HORA DE LA ÜLTIMA TRANSACCIÓN
- campo de control: 20210219193807.0
008 - DATOS DE LONGITUD FIJA
- campo de control de longitud fija: nabaccnnaabn|||||||||| b |nc|||||d
035 ## - NUMERO DE CONTROL
- Número de control: UPN10000012622
040 ## - FUENTE DE CATALOGACIÓN
- Lenguaje de catalogación: SPA
- Agencia de transcripción: UPN
100 1# - ENCABEZAMIENTO - NOMBRE PERSONAL
- Nombre personal: GONZALEZ GUZMAN, IGNACIO,
- Fechas asociadas con el nombre: 1898-1972
670 ## - FUENTE EN LA QUE SE LOCALIZARON DATOS
- Cita de la fuente: T
- Uniform Resource Identifier: http://www.colegionacional.org.mx/SACSCMS/XStatic/colegionacional/template/content.aspx?se=vida&te=detallemiembro&mi=171
902 ## - CATALOGADOR
- Catalogador: IEB/190603
